| 000 | 01287cam a2200229 4500 | ||
|---|---|---|---|
| 001 | WB3939-04 | ||
| 008 | 031016n2003 000 0 eng u | ||
| 035 | _a(Sirsi) u123934 | ||
| 245 | _aNFB launches partnering scheme | ||
| 260 | _c2003 | ||
| 490 |
_aNational Federation of Builders Press Release _v 13 October 2003 (3) |
||
| 520 | _aThe National Federation of Builders (NFB)has launched a new accreditation scheme to help client groups and prime contractors to identify companies for partnering programmes. The Construction Accredited Partner Scheme (CAPS) will provide a register of independently accredited contractors with proven supply chain management and benchmarking expertise. It is hoped that the scheme will enable contractors to participate successfully in the new procurement routes being rolled out by Government. The DfES is due to announce an overhaul of the local authority construction programme. http://www.builders.org.uk/cgi-bin/nfb/newslist.pl?RUN=nfb.main.shownews&keyf=146 | ||
| 590 | _aWB | ||
| 650 | _aACCREDITATION SCHEMES | ||
| 650 | _aBUILDING CONTRACTORS | ||
| 650 | _aPROCUREMENT RULES | ||
| 650 | _aSUPPLY CHAIN MANAGEMENT | ||
| 650 | _aLOCAL AUTHORITIES | ||
| 650 | _aCONSTRUCTION PROGRAMMES | ||
| 690 |
_aProcurement _96260 |
||
| 942 | _n0 | ||
| 999 |
_c73599 _d73599 |
||